000 00878nam a2200313 a 4500
003 AR-BaBNM
005 20251128205100.0
008 082120s2002 ||||||||||||||000 | spa||
020 _a950-21-1218-0
040 _cAR-BaBNM
245 0 0 _aNarradoras argentinas
_b1852-1932
260 _aBuenos Aires
_bPlus Ultra
_c1995
300 _a268 p.
_bil.
490 0 _aLas mujeres
500 _aContiene datos biográficos de las narradoras incluídas
504 _aBibliografía en p. 263-268
650 4 _aLITERATURA ARGENTINA
650 4 _aCUENTOS
650 4 _aMUJERES ESCRITORAS
650 4 _aGENERACION DE 1880
650 4 _aANALISIS LITERARIO
650 4 _aVIDA LITERARIA
653 _aPERIODISMO LITERARIO
655 _aLITERATURA
700 1 _aSosa de Newton, Lily
_ecompilador
800 1 _aSosa de Newton, Lily
_edirector
942 _cBK
998 _cisola
999 _c9910
_d9910